Basis engineering for builders a speaking and listening course

Saved in:
Bibliographic Details
Format: Book
Published: 2007
Tags: Add Tag
No Tags, Be the first to tag this record!
Institutions: Mạng thư viện Đại học Đà Nẵng
LEADER 00470nam a22001811a 4500
001 000038428
003 14723
005 20160412021310.0
008 160412s2007 000
082 |a 4A(07)2537 
245 |a Basis engineering for builders a speaking and listening course  |c Max Schwants 
260 |c 2007 
OWN |a LNN 
999 |a From the UDN01 
TYP |a Monograph 
980 |a Mạng thư viện Đại học Đà Nẵng